NLSUI OPAC header image

The rule of law and the measure of property (Record no. 33168)

MARC details
000 -LEADER
fixed length control field 00697nam a2200217Ia 4500
003 - CONTROL NUMBER IDENTIFIER
control field OSt
005 - DATE AND TIME OF LATEST TRANSACTION
control field 20210611131151.0
008 - FIXED-LENGTH DATA ELEMENTS--GENERAL INFORMATION
fixed length control field 160316s2012 xxu||||| |||| 00| 0 eng d
020 ## - INTERNATIONAL STANDARD BOOK NUMBER
International Standard Book Number 9781107024465
040 ## - CATALOGING SOURCE
Transcribing agency n
082 ## - DEWEY DECIMAL CLASSIFICATION NUMBER
Classification number 340.110000
Item number WAL
100 ## - MAIN ENTRY--PERSONAL NAME
Personal name Waldron Jeremy
245 ## - TITLE STATEMENT
Title The rule of law and the measure of property
260 ## - PUBLICATION, DISTRIBUTION, ETC.
Place of publication, distribution, etc. Cambridge
Name of publisher, distributor, etc. Cambridge University Press
Date of publication, distribution, etc. 2012
300 ## - PHYSICAL DESCRIPTION
Extent 118p
Dimensions xi
365 ## - TRADE PRICE
Price amount Gratis
505 ## - FORMATTED CONTENTS NOTE
Formatted contents note Table of contents<br/>1. The classical Lockean picture and its difficulties; <br/>2. A substantive Rule of Law?; <br/>3. In defense of legislation.
650 ## - SUBJECT ADDED ENTRY--TOPICAL TERM
Topical term or geographic name entry element 1. Rule Of Law - Property 2. Right Of Property
700 ## - ADDED ENTRY--PERSONAL NAME
Personal name
--
942 ## - ADDED ENTRY ELEMENTS (KOHA)
Source of classification or shelving scheme Dewey Decimal Classification
Koha item type BOOKs
Holdings
Withdrawn status Lost status Damaged status Not for loan Home library Current library Shelving location Date acquired Total Checkouts Full call number Barcode Date last seen Price effective from Koha item type
        NLS NLS   30/05/2017   340.11 WAL 29961 30/05/2017 30/05/2017 BOOKs